الرقابة المصرفية / (رقم التسجيلة. 22760)
[ عرض عادي ]
| 000 -الفاتح | |
|---|---|
| حقل البيانات ثابتة الطول | 00825nam a22002171a 4500 |
| 003 - محدد رقم الضبط | |
| رقم الضبط | OSt |
| 005 - وقت وتاريخ اخر تعامل مع التسجيلة | |
| رقم الضبط | 20150408114030.0 |
| 008 - عناصر البيانات ثابتة الطول - معلومات عامة | |
| حقل البيانات ثابتة الطول | 120508s2010 jo a g b 00| 0 ara d |
| 020 ## - الرقم الدولى المعيارى للكتب | |
| الرقم الدولى المعيارى للكتاب | 9789957720117 |
| 040 ## - مصدر الفهرسة | |
| وكالة الفهرسة الأصلية | عمادة شؤون المكتبات في جامعة المجمعة |
| 082 04 - رقم تصنيف ديوى العشرى | |
| رقم الطبعة | 21 |
| رقم التصنيف | 332.1068 |
| رقم المادة | 332.1068 رع م |
| 100 1# - المدخل الرئيسى - إسم شخصى | |
| الإسم الشخصى | عبد النبي، محمد أحمد. |
| 9 (RLIN) | 12714 |
| 245 12 - بيان العنوان | |
| العنوان | الرقابة المصرفية / |
| بيان المسئوليه,etc | محمد أحمد عبد النبي. |
| 250 ## - بيان الطبعة | |
| بيان الطبعة | ط. 1. |
| 260 ## - PUBLICATION, DISTRIBUTION, ETC. (IMPRINT) | |
| مكان الناشر او الموزع | عمان، الأردن. |
| اسم الناشر او الموزع | زمزم ناشرون وموزعون، |
| تاريخ النشر أو التوزيع | 2010 |
| 300 ## - الوصف المادى | |
| التعداد | 258 ص. : |
| تفاصيل ماديه اخرى للوعاء | جداول ؛ |
| أبعاد الوعاء | 24 سم. |
| 504 ## - تبصرة ببليوجرافية | |
| تبصرة ببليوجرافية,الخ | ببليوجرافية : ص. 257-258. |
| 650 #7 - المدخل الاضافى بالموضوع-مصطلح موضوعى | |
| مصدر الرأس أو المصطلح | aucsh |
| مصطلح موضوعي أو اسم جغرافي كعنصر مدخل | البنوك |
| التقسيم الفرعي العام | إدارة |
| 9 (RLIN) | 12715 |
| 650 #7 - المدخل الاضافى بالموضوع-مصطلح موضوعى | |
| مصدر الرأس أو المصطلح | aucsh |
| مصطلح موضوعي أو اسم جغرافي كعنصر مدخل | الإدارة المالية |
| 9 (RLIN) | 12336 |
| 942 ## - عناصر المدخل الإضافي( كوها) | |
| مصدر التصنيف او مخطط الترفيف | Dewey Decimal Classification |
| Koha [default] item type | كتاب |
| حالة الفقد | نموذج السعر الفعال | حالة تلف | ليس للاعارة | رقم الطلب | رقم النسخة | تاريخ الاكتساب | الموقع الحالي | الباركود | موقع الترفيف | الفرع الرئيسي | Total Renewals | Date last checked out | Date last seen | نوع المادة فى نظام كوها | مصدر التصنيف او خطة الترفيف | Total Checkouts |
|---|---|---|---|---|---|---|---|---|---|---|---|---|---|---|---|---|
| 2013-03-10 | Not For Loan | 332.1068 332.1068 رع م | 1 | 2012-05-16 | المكتبة المركزية بالمجمعة (CL) | 203546 | stacks td | المكتبة المركزية بالمجمعة (CL) | 2013-03-10 | كتاب | Dewey Decimal Classification | |||||
| 2013-03-10 | Not For Loan | 332.1068 332.1068 رع م | 2 | 2012-05-16 | المكتبة المركزية بالمجمعة (CL) | 203545 | stacks td | المكتبة المركزية بالمجمعة (CL) | 2013-03-10 | كتاب | Dewey Decimal Classification | |||||
| 2013-03-10 | 332.1068 332.1068 رع م | 3 | 2012-05-16 | المكتبة المركزية بالمجمعة (CL) | 203544 | stacks td | المكتبة المركزية بالمجمعة (CL) | 2017-12-04 | 2017-12-19 | كتاب | Dewey Decimal Classification | 1 | ||||
| 2013-03-10 | Not For Loan | 332.1068 332.1068 رع م | 1 | 2012-05-13 | مكتبة كلية العلوم و الدراسات الإنسانية برماح - طالبات (SRF) | 201309 | stack td | مكتبة كلية العلوم و الدراسات الإنسانية برماح - طالبات (SRF) | 1 | 2017-03-19 | 2017-04-30 | كتاب | Dewey Decimal Classification | 2 | ||
| 2013-03-10 | 332.1068 332.1068 رع م | 2 | 2012-05-13 | مكتبة كلية العلوم و الدراسات الإنسانية برماح - طالبات (SRF) | 201310 | stack td | مكتبة كلية العلوم و الدراسات الإنسانية برماح - طالبات (SRF) | 2015-04-01 | 2015-04-30 | كتاب | Dewey Decimal Classification | 1 |
